Interlinking of Indian rivers / (Record no. 66504)

MARC details
000 -LEADER
fixed length control field 00563nam a22001577a 4500
005 - DATE AND TIME OF LATEST TRANSACTION
control field 20120511132550.0
020 ## - INTERNATIONAL STANDARD BOOK NUMBER
International Standard Book Number 8183820417
Terms of availability 395.00
035 ## - SYSTEM CONTROL NUMBER
System control number B-219276
037 ## - SOURCE OF ACQUISITION
Stock number DPL
Source of stock number/acquisition ENG
100 ## - MAIN ENTRY--PERSONAL NAME
Personal name Bharati, Radha Kant
245 ## - TITLE STATEMENT
Title Interlinking of Indian rivers /
Statement of responsibility, etc by Radha Kant Bharati
260 ## - PUBLICATION, DISTRIBUTION, ETC. (IMPRINT)
Place of publication, distribution, etc New Delhi
Name of publisher, distributor, etc Lotus Press
Date of publication, distribution, etc 2006
300 ## - PHYSICAL DESCRIPTION
Extent 129p.
Dimensions 18 cms.
942 ## - ADDED ENTRY ELEMENTS (KOHA)
Source of classification or shelving scheme Dewey Decimal Classification
Item type English Books
Classification part 333.9162160954
Call number suffix BHA
Holdings
Withdrawn status Lost status Not for loan Collection code Home library Current library Date acquired Cost, normal purchase price Full call number Barcode Cost, replacement price Koha item type
      Non-fiction Sarojini Nagar Sarojini Nagar 11/05/2012 395.00 333.9162160954 BHA B-219276 395.00 English Books

© Delhi Public Library
Hit Counter
free hit counter